000 00306nam a22001337a 4500
008 170330b xxu||||| |||| 00| 0 eng d
020 _a0721692346
041 _aeng
080 _24TH
_a616-053.2
100 _a8
101 _aSHM
245 _aCLINICAL PEDIATRIC NEUROLOGY
_cFENICHEL, G.M
942 _2udc
_cBK
999 _c9108
_d9108